Statistiques concernant Les équipes de L1(départements) - Map Quiz

Cliquez ici pour prendre le quiz!

Statistiques générales

  • Ce quiz a été pris 110 fois
  • Le résultat moyen est 16 sur 20

Réponses sur la Carte

Les réponses sont colorées sur une échelle allant du rouge au vert en fonction du pourcentage des utilisateurs qui les ont devinées à leur premier essai. Vous pouvez retrouver ces pourcentages ci-dessous.
 

Statistiques - réponses

Réponse% Correct
PSG
95%
Ajaccio
93%
Lille
93%
Strasbourg
92%
Olympique de Marseille
91%
Montpellier
90%
Brest
89%
Nantes
87%
Rennes
85%
Clermont
84%
Toulouse
84%
Angers
83%
Olympique Lyonnais
83%
Lorient
79%
Reims
76%
Lens
72%
Nice
70%
Troyes
70%
Auxerre
69%
Monaco
63%

Distribution des résultats

Percentile par nombre de réponses

% des personnes avec chaque résultat

Votre développement - résultats

Vous n’avez pas pris ce quiz